000 01013nam a22003137a 4500
003 CHAP
005 20220329134715.0
008 971013s1978 r 00010 d
010 _a24555
011 _a25527
035 _a29627
040 _cCHAP
082 _a581.87
_bH33
100 0 0 _aHall, J. L.
_eed.
_952328
245 _aElectron microscopy and cytochemistry of plant cells
260 _aAmsterdam :
_bElsevier,
_c1978
300 _a444 p.
_b: ilus.
590 _aBATCH-UPD
_b10
_c20130110
_lUCH01
_h1050
590 _aBATCH-UPD
_b10
_c20130410
_lUCH01
_h0646
590 _aBATCH-UPD
_b10
_c20130914
_lUCH01
_h0643
590 _aCONVERSION
_b10
_c20130109
_lUCH01
_h1314
650 1 4 _aBioquímica.
_912849
650 1 4 _aCitología e histología vegetales.
_923495
650 1 4 _aMicroscopio electrónico.
_975535
901 _aBK
942 _cLIBRO
949 _a581.87 H33
_bBC
_cLIBRO
_d33724000455606
_eLIBRO
_h1606
_i29627
_si
949 _a581.87 H33
_bBC
_cLIBRO
_d33724000455614
_eLIBRO
_fc.2
_h52207
_i29627
_si
999 _c24555
_d24555